00527 2200205 4500001002100000005001500021035002000036007000300056008004100059020002200100082001100122084001700133100001700150245004500167250001100212260003400223300003600257650001700293990001100310INLIS00000000000136520180125105656 a0010-0118000183ta180125 g 0 ind  a978-979-1493-16-1 a582.12 a582.12 PER t0 aPermata,heri1 aTanaman Obat Tradisional /cHeri Permata acet. 1 aBandung :bTitian Ilmu,c2007 a88 hlm :b.ilus ;c14,5 x 21 cm aTanaman Obat a5857 A